| 000 | 00842cam a22002535a 4500 | ||
|---|---|---|---|
| 001 | 016788944 | ||
| 005 | 20161124112720.0 | ||
| 008 | 140718t2015 enka frb 001 0 eng d | ||
| 020 | _a9781292058801 | ||
| 020 | _a1292058803 | ||
| 040 |
_aUk _beng _cUk _dUk _dEG-ScBUE |
||
| 082 | 0 | 4 |
_a150.287 _222 _bGRE |
| 100 | 1 |
_aGregory, Robert J., _d1943- |
|
| 245 | 1 | 0 |
_aPsychological testing : _bhistory, principles, and applications / _cRobert J. Gregory ; editor in chief, Ashley Dodge. |
| 250 | _a7th ed., Pearson global ed. | ||
| 260 |
_aHarlow : _bPearson Education Limited, _cc.2015. |
||
| 300 |
_a589 p. : _bill. ; _c24 cm. |
||
| 504 | _aIncludes bibliographical references and index. | ||
| 650 | 0 |
_aPsychological tests. _2BUEsh |
|
| 651 | _2BUEsh | ||
| 653 |
_bHHUUPPSS _cNovember2016 |
||
| 700 | 1 |
_aDodge, Ashley, _eeditor. |
|
| 942 | _2ddc | ||
| 999 |
_c23314 _d23286 |
||